| 000 | 01803nam a2200505 i 4500 | ||
|---|---|---|---|
| 001 | 29849 | ||
| 003 | KOSZ 005 | ||
| 005 | 20200717113829.0 | ||
| 008 | 970612s1991 pl f |000 0 pol | ||
| 015 | _aUWD 1991/11064 | ||
| 035 | _a991002013769705066 | ||
| 035 | _a(PL-WaBN)b10562072-48omnis_nlop | ||
| 035 | _ab10562072 | ||
| 035 | _a(OCoLC)834086429 | ||
| 035 | _a(PL)b0000001056207 | ||
| 035 | _a(EXLNZ-48OMNIS_NETWORK)9910333374805606 | ||
| 040 |
_aWA N _cWA N _dKOSZ 005/EG |
||
| 041 | _apol | ||
| 080 | _a347.7 | ||
| 080 | _a342.9 | ||
| 080 | _a351.82 | ||
| 080 | _a(438)"19"(07) | ||
| 245 | 0 | 0 |
_aPrawo spółek / _cnapisali Apoloniusz Kostecki [et al.] ; red. Stanisław Włodyka. |
| 260 |
_aKraków : _bWydawnictwa IPSiIZ, _c1991. |
||
| 300 |
_a238, [1] s. ; _c24 cm. |
||
| 336 |
_aTekst _btxt _2rdacontent |
||
| 337 |
_aBez urządzenia pośredniczącego _bn _2rdamedia |
||
| 338 |
_aWolumin _bnc _2rdacarrier |
||
| 380 | _aKsiążki | ||
| 388 | _a1901-2000 | ||
| 388 | _a1989-2000 | ||
| 490 | 1 |
_aWydawnictwa Instytutu Prawa Spółek i Inwestycji Zagranicznych. Seria A, Podręczniki i Opracowania Monograficzne ; _v1 |
|
| 504 | _aBibliogr. s. 227-233. | ||
| 650 | 7 |
_aSpółki _2DBN |
|
| 650 | 7 |
_aPrawo _2DBN |
|
| 651 | 7 | _aPolska | |
| 655 | 7 |
_aPodręcznik _2DBN |
|
| 658 | _aPrawo i wymiar sprawiedliwości | ||
| 700 | 1 |
_aKostecki, Apoloniusz _d(1923-2014) _eAutor |
|
| 700 | 1 |
_aWłodyka, Stanisław _d(1924-2014) _eRedakcja |
|
| 830 | 0 |
_aWydawnictwa Instytutu Prawa Spółek i Inwestycji Zagranicznych. _nSeria A, _pPodręczniki i Opracowania Monograficzne _v1 |
|
| 856 |
_uhttp://koha.tu.koszalin.pl/cgi-bin/koha/opac-detail.pl?biblionumber=29849 _yKatalog online BPK |
||
| 942 |
_2UKD _cKS |
||
| 999 |
_c29849 _d29849 |
||